Risk management and insurance : (Record no. 1511)

MARC details
000 -LEADER
fixed length control field 00710nam a22002172 4500
001 - CONTROL NUMBER
control field 0000006322
005 - DATE AND TIME OF LATEST TRANSACTION
control field 20151021152555.0
008 - FIXED-LENGTH DATA ELEMENTS--GENERAL INFORMATION
fixed length control field 071017s xx 000 0 eng d
020 ## - INTERNATIONAL STANDARD BOOK NUMBER
International Standard Book Number 1405125413 :
Terms of availability KES 5099
040 ## - CATALOGING SOURCE
Original cataloging agency KABU
Transcribing agency KABU
100 1# - MAIN ENTRY--PERSONAL NAME
Personal name Skipper, Harold D.
-- 0000157757
245 10 - TITLE STATEMENT
Title Risk management and insurance :
Remainder of title perspective in a global economy /
Statement of responsibility, etc. Harold D. Skipper and W. Jean Kwon.
260 ## - PUBLICATION, DISTRIBUTION, ETC. (IMPRINT)
Place of publication, distribution, etc. Oxford :
Name of publisher, distributor, etc. Blackwell,
Date of publication, distribution, etc. 2007.
300 ## - PHYSICAL DESCRIPTION
Extent xv, 751 p.
650 #0 - SUBJECT ADDED ENTRY--TOPICAL TERM
Topical term or geographic name as entry element Risk management.
-- 0000150875
650 #0 - SUBJECT ADDED ENTRY--TOPICAL TERM
Topical term or geographic name as entry element Insurance.
-- 0000152709
700 1# - ADDED ENTRY--PERSONAL NAME
Personal name Kwon, W. Jean.
-- 0000157758
852 1# - LOCATION
-- p1275 KES
908 ## - PUT COMMAND PARAMETER (RLIN)
Put command parameter 071017
950 ## - LOCAL HOLDINGS (RLIN)
-- 1
Holdings
Withdrawn status Lost status Source of classification or shelving scheme Not for loan Home library Current library Date acquired Total Checkouts Full call number Barcode Date last seen Date last checked out Price effective from Koha item type
    Library of Congress Classification   Kabarak, Main Campus Kabarak, Main Campus 17/12/2015   HD61 .S55 010719 02/08/2024   17/12/2015 General Collection
    Library of Congress Classification   Kabarak, Nakuru City Campus Kabarak, Nakuru City Campus 21/10/2015 1 HD61 .S55 c. 1 20404 12/04/2019 04/04/2019 21/10/2015 General Collection
Designed with assistance from East African Informatics Ltd